Anagrammes aléatoires de stations du métro parisien - Statistiques

Statistiques générales
  • Ce quiz a été pris 732 fois
    730 depuis la dernière actualisation
  • Le résultat moyen est 4 sur 15
Statistiques - réponses
Anagramme Station % Correct
EBBSAESS Abbesses
100%
NVARO Avron
100%
EMAHIIKRB Bir-Hakeim
100%
TAEDC Cadet
100%
ICTE Cité
100%
OCOCNRDE Concorde
100%
EERUOP Europe
100%
NAEI Iéna
100%
SINMJA Jasmin
100%
EELBKR Kléber
100%
DUYALHS La Dhuys
100%
BERLEIT Liberté
100%
MBRAEOPKF Oberkampf
100%
ENOOD Odéon
100%
OYPDMLAEIS Olympiades
100%
CUOQR Ourcq
100%
ELHRGAAN Ranelagh
100%
MOER Rome
100%
IANTTSAIUSNUG Saint-Augustin
100%
ARURIGVDA Vaugirard
100%
IAVNV Vavin
100%
WARMAG Wagram
100%
RUCOD Duroc
88%
LEEGI Liège
86%
REONLSOFI Solférino
86%
ERSUBO Bourse
83%
ENSVRA Anvers
80%
ENSXAMEL Exelmans
80%
OCEHH Hoche
80%
RCOMCMEE Commerce
78%
BARRAAB Barbara
75%
BIUCAOUCT Boucicaut
75%
UERRERDEECTHAFNO Denfert-Rochereau
75%
TEIAG Gaîté
75%
IADRIBGAL Garibaldi
75%
VE5NC8RLUO9UAE1AM4I La Courneuve - 8 Mai 1945
75%
USCPIP Picpus
75%
EROAP Opéra
71%
RILLVIES Villiers
71%
DBAARL Balard
67%
RCEYB Bercy
67%
VIBALRO Bolivar
67%
PDUEXIL Dupleix
67%
NELGLIAI Gallieni
67%
NOOUGCRT Goncourt
67%
EIJSUUS Jussieu
67%
AHPCLEELLA La Chapelle
67%
NISACEAPL Plaisance
67%
RPIAASL Raspail
67%
EUUCARDB Rue du Bac
67%
NSEYDPLSANIIETEL Saint-Denis Pleyel
67%
RGUSE Ségur
67%
ROMCAFPIMOO Campo-Formio
63%
ASAIEL Alésia
60%
LPSENEAESMYUMHASEEECCLC Champs-Élysées - Clemenceau
60%
EAELTHCT Châtelet
60%
EILTEOEVHDLL Hôtel de Ville
60%
EOLORUVIVRLI Louvre - Rivoli
60%
AMREBIAU Mirabeau
60%
TAINNO Nation
60%
EENSNR Rennes
60%
ISLMPON Simplon
60%
ONABEMCRN Cambronne
57%
TIREUQ Riquet
57%
NLEAXSDEUDAAMR Alexandre Dumas
50%
BEALILTS Bastille
50%
NAVBEZLU Buzenval
50%
BEDNAU Danube
50%
FUEAIELXFR Félix Faure
50%
CHLFEAORU La Fourche
50%
LEIEREPELT Le Peletier
50%
NSOEBSLSAL Les Sablons
50%
THEIOBIMZLC Michel Bizot
50%
EAAILTNNO Nationale
50%
SPAYS Passy
50%
DITLCYEOPECRH Porte de Clichy
50%
GQALRADUEAIE Quai de la Gare
50%
TLMEEP Temple
50%
ESNTRE Ternes
50%
CORATREDO Trocadéro
50%
TBOASRIZ Botzaris
40%
MVENICHERT Chemin Vert
40%
ILADISVNE Invalides
40%
MIALERUE Laumière
40%
NLREIMOMSI Miromesnil
40%
ISRTIARFSNSEONAABTTEISS Saint-Sébastien - Froissart
40%
AULTERB Bérault
33%
IBPBYSCAPGSLOINOOAB Bobigny - Pablo Picasso
33%
VEEONNEUBLNLO Bonne-Nouvelle
33%
ONBRCHAT Brochant
33%
OINNTOENCV Convention
33%
RVTITEUSLEIICEENR Créteil - Université
33%
IEERMC Crimée
33%
LAIGEEUFR Falguière
33%
EABGATTM Gambetta
33%
EGEGOVR George V
33%
UETETMLA La Muette
33%
OERDLULRINL Ledru-Rollin
33%
LMTMENNTOIAN Ménilmontant
33%
TEBNUISENAOEPEMSRANVN Montparnasse - Bienvenüe
33%
PCEHDCYALILEC Place de Clichy
33%
ODREERPOTE Porte Dorée
33%
YSNEREEP Pyrénées
33%
PIEBSNRSOYRORIER Rosny-Bois-Perrier
33%
LREUEIITS Tuileries
33%
EERVANN Varenne
33%
OSSREIBEI Boissière
29%
ONADRJUI Jourdain
29%
LAGILEP Pigalle
29%
RAUSBNLEPCIIURLINQASATEHVTMNREEI Aubervilliers - Pantin - Quatre Chemins
25%
ANEPTQOYIIONUNBADYGENUMNRAB Bobigny - Pantin - Raymond Queneau
25%
MNTBTOACUTHUSE Buttes Chaumont
25%
LHOECCAGHARNAD Chardon-Lagache
25%
XIXUCDRAHCOAEV Croix de Chavaux
25%
EPASELSELDNAFAENDEDE Esplanade de la Défense
25%
PLOHRAICTEITBE Hôpital Bicêtre
25%
MLSHONNAIABCE Maison Blanche
25%
AOTERDMRDNEEETEOLT Notre-Dame-de-Lorette
25%
ERIRPEE Pereire
25%
ESINVCODNNPETERE Porte de Vincennes
25%
EDMIPSAYR Pyramides
25%
EEQLAURDPIAAE Quai de la Rapée
25%
EMRBSPEQRTUAETE Quatre-Septembre
25%
NTSMAAIURURE Rue Saint-Maur
25%
IALRTASGDN Stalingrad
25%
AAENUV Vaneau
25%
EIRALB Bel-Air
20%
EUHTUCEAAAD Château d'Eau
20%
CEUELOCSRL Courcelles
20%
ESRAJU Jaurès
20%
TDMEONNRUUVOET Mouton-Duvernet
20%
RSPOUOATBRSELUMEA Réaumur - Sébastopol
20%
LRYLOTIIEDRUED Reuilly - Diderot
20%
ATCLOBI Tolbiac
20%
CUVURTLTIIULAVLAINLPLIJAUEREOF Villejuif - Paul Vaillant-Couturier
20%
EALCHBN Blanche
17%
UDGRMOMEI Dugommier
17%
ELRGICAE Glacière
17%
IJEJLUFNFROS Jules Joffrin
17%
DROAMRYOXM Marx Dormoy
17%
NFNPTEOU Pont-Neuf
17%
AEIDSOELRLSPT Porte des Lilas
17%
AROTEILV Voltaire
17%
ERAIGETNN Argentine
14%
LLILVDTOAEEPETTRE Porte de la Villette
14%
ROURUBATMAOULG La Tour-Maubourg
13%
ITEERDUTPLAUO Porte d'Auteuil
13%
YCRHEITSEDOOP Porte de Choisy
11%
YADRTPOEOLROR Aéroport d'Orly
0%
EACAMIIREES Aimé Césaire
0%
MUACRAALMAE Alma - Marceau
0%
TREEAFNLAAOCN Anatole France
0%
AEEEITSRSRTTM Arts et Métiers
0%
ASEATAEOMLESLBIENN Assemblée nationale
0%
OEEMLAALVUIENEZ Avenue Émile-Zola
0%
BULGAECUNCIURXBEAA Bagneux - Lucie Aubrac
0%
OBTHCHBRRUACAOSEER Barbès - Rochechouart
0%
SSDDNETSLEIINQIEAUBIA Basilique de Saint-Denis
0%
ELLBLIVEEL Belleville
0%
CMATBRFEIITINQUITNDRSEHEOBAORL Bibliothèque François-Mitterrand
0%
ACLNTRLIBOU Billancourt
0%
SGBUJNNAOJLAEROUEE Boulogne - Jean Jaurès
0%
NBTDAONEOOCTUEUGNLOLSDIP Boulogne - Pont de Saint-Cloud
0%
BRSAIUEBTGNE Bréguet - Sabin
0%
EDAIMCILREANLON Cardinal Lemoine
0%
RPUYRREAEEOFLLC Carrefour Pleyel
0%
CNBEDSARIEONNTEU Censier - Daubenton
0%
RSENECTCOLEHANO Charenton - Écoles
0%
EEAOELHAGLSELCLUEITRD Charles de Gaulle - Étoile
0%
EHIHLECCMRASLS Charles Michels
0%
NHEANRCO Charonne
0%
SEUNAEDETCEHNACNIV Château de Vincennes
0%
NATOLHEDUANCA Château-Landon
0%
RACUEHUGEAOT Château Rouge
0%
NUMCONAOEGTLHOLIRT Châtillon - Montrouge
0%
SALHYTNNUTCEIFEEEAATSAD Chaussée d'Antin - La Fayette
0%
ECREHTEALV Chevaleret
0%
LCHEEUILARYVL Chevilly-Larue
0%
NNALUERYSOOLCBN Cluny - La Sorbonne
0%
OLBIENELONACF Colonel Fabien
0%
OEIRTOCUAINCNR Corentin Cariou
0%
CINTCNEOTRELON Corentin Celton
0%
RTSOIVRAC Corvisart
0%
TBAXICCRUUOAELEA Coteaux Beauclair
0%
ONSUENCRO Couronnes
0%
OALUCIEIISONMTNR Cour Saint-Émilion
0%
ATERILLCTHECE Créteil - L'Échat
0%
ETIUERRFCETELPREC Créteil - Préfecture
0%
IMLSUDENA Daumesnil
0%
EEIRCMAELILTIO École Militaire
0%
EOETCANREIFORTAELSVIEROMNSDELIA École vétérinaire de Maisons-Alfort
0%
TQRGAEDUNEI Edgar Quinet
0%
ELUUAEIEGIDSTL Église d'Auteuil
0%
NTLEPSIGAEEDIN Église de Pantin
0%
EMTARLECEIENN Étienne Marcel
0%
YHGDAIABNHERFLICE Faidherbe - Chaligny
0%
IAFRISLAULEEDCLV Filles du Calvaire
0%
RRSIERULETBIFVOLAD Fort d'Aubervilliers
0%
NDTKOLSAELENOIRRVF Franklin D. Roosevelt
0%
PFLONPTOUIARER Front populaire
0%
EPIRILBAGRE Gabriel Péri
0%
EIRSUZAEDRALTTG Gare d'Austerlitz
0%
LERAGEDSET Gare de l'Est
0%
GRDENOEALY Gare de Lyon
0%
RADOERUNGD Gare du Nord
0%
VDUSRNBSRAEGDALO Grands Boulevards
0%
YMGTQOUEU Guy Môquet
0%
TCNARAMIUAVEHR Havre - Caumartin
0%
RONCJTEENBGQUSEAS Jacques Bonsergent
0%
ELNRRACDIEVEJONTA Javel - André Citroën
0%
LEANDSEFE La Défense
0%
LURAKNCCTOARAMLCIUA Lamarck - Caulaincourt
0%
EPQLAENMUEOCIELTEGTLTR La Motte-Picquet - Grenelle
0%
LKETEBNECERLIIRM Le Kremlin-Bicêtre
0%
ESLETSENAGT Les Agnettes
0%
SSLOCIEULERLT Les Courtilles
0%
ELGOEISSBNL Les Gobelins
0%
LLASHESLE Les Halles
0%
YSLASLRHEEOS L'Haÿ-les-Roses
0%
LOBCLANSUI Louis Blanc
0%
OEIMULHLSECI Louise Michel
0%
EOLRMLU Lourmel
0%
ILOAMBLN Mabillon
0%
EDMIEAENL Madeleine
0%
EAIMSUVLIBALDIREIRRE Mairie d'Aubervilliers
0%
IHDECCEIRALMYI Mairie de Clichy
0%
MTERUNAOLIDEIEIMR Mairie de Montreuil
0%
UAMEEORGRONIEDTMI Mairie de Montrouge
0%
MEOAEIDITRSINNUEA Mairie de Saint-Ouen
0%
AEDRELSIMLAISI Mairie des Lilas
0%
ISAEISMRDYI Mairie d'Issy
0%
IIEMVAIDRYR Mairie d'Ivry
0%
LISINESAUSOMLITTLRLATOFOJSE Maisons-Alfort - Les Juilliottes
0%
LOTTSIOSMASRAANDFE Maisons-Alfort - Stade
0%
KVSDALUEPFEFNVMALOTAEAA Malakoff - Plateau de Vanves
0%
ROLDLTOMTUEENNEAIFKAFEE Malakoff - Rue Étienne-Dolet
0%
ERLEBSSMEAH Malesherbes
0%
HCRAAMREIS Maraîchers
0%
RPCNRISAEOSOANISMEDT Marcadet - Poissonniers
0%
CABRALSEMTME Marcel Sembat
0%
ATBLTTUMRUUIEMEA Maubert - Mutualité
0%
UAENLHGTEUALMIEIC Michel-Ange - Auteuil
0%
MOMLOGCRILAEIHNTE Michel-Ange - Molitor
0%
EUOMCNA Monceau
0%
LTTOMELAGN Montgallet
0%
IPMNURETIHLLTOOA Montreuil - Hôpital
0%
POESMTDSREMCAEANDH Notre-Dame-des-Champs
0%
DOAVEIRSOELLMAEALUYSUPRU Palais-Royal - Musée du Louvre
0%
TREENRPMIA Parmentier
0%
SUPRTEA Pasteur
0%
POEPTRLEL Pelleport
0%
EECAAIPLSHER Père Lachaise
0%
YEENRTP Pernety
0%
PEIUHSPGPLTEIUA Philippe Auguste
0%
IRURCMAIEEPEERTIRE Pierre et Marie Curie
0%
ALEESCEFESTPD Place des Fêtes
0%
TIAELDCPEILA Place d'Italie
0%
GNPAOCELEM Place Monge
0%
UDACPNLEIOT Pointe du Lac
0%
OEIOEPSNSIRN Poissonnière
0%
DCPOITNTAREN Pont Cardinet
0%
DNELNESAELOITBLCPVOO Pont de Levallois - Bécon
0%
YTINNOUELLEDP Pont de Neuilly
0%
ERNSPODSVEET Pont de Sèvres
0%
RPNOIEMTA Pont Marie
0%
PHITPENODUEAR Porte Dauphine
0%
DTTPBEOANEGEORL Porte de Bagnolet
0%
MTAEHEPDRPEERROCT Porte de Champerret
0%
NPTEREARHTCOOEDN Porte de Charenton
0%
RRUPCOTINCEEGNOLTDA Porte de Clignancourt
0%
ETPADHERCEEPALLLO Porte de la Chapelle
0%
OTDMORUEETIPRELN Porte de Montreuil
0%
TPPENENOATIDR Porte de Pantin
0%
IENTOEULORDPADTCS Porte de Saint-Cloud
0%
OETTRSEUIEONPDNA Porte de Saint-Ouen
0%
REDNETPSVOVEA Porte de Vanves
0%
OAEIPEELTSDRVRESL Porte de Versailles
0%
EERIPAODILTT Porte d'Italie
0%
DRERTYIPOV Porte d'Ivry
0%
LERARDTNPOSOE Porte d'Orléans
0%
ATEOMRLLPTIO Porte Maillot
0%
SRNERTISAIVAEGP Pré-Saint-Gervais
0%
BUETAUARM Rambuteau
0%
BEPRQUUIEL République
0%
HLIIORRERDANC Richard-Lenoir
0%
TUIOEUCLORHDEIR Richelieu - Drouot
0%
BEPOIRSRREE Robespierre
0%
TIRLILMNOARNCOEAV Romainville - Carnot
0%
PEADEMUEPORL Rue de la Pompe
0%
ETUDSBEERULSO Rue des Boulets
0%
ABNSIIOREATMS Saint-Ambroise
0%
ITAASDPTRNESRDEEIIPNSO Saint-Denis - Porte de Paris
0%
DITARSNISUVNETSIEIEN Saint-Denis - Université
0%
RAAUAGSTIFEN Saint-Fargeau
0%
NEOFXRIVACRITISSNAA Saint-François-Xavier
0%
AGNIESSGERTO Saint-Georges
0%
GEPRTESINAISNMDSREA Saint-Germain-des-Prés
0%
UTSQICJASENA Saint-Jacques
0%
IAZNARALTSE Saint-Lazare
0%
NITDNAESAM Saint-Mandé
0%
ATNRMACILSE Saint-Marcel
0%
CSMHTLANIIE Saint-Michel
0%
AOSNUTINE Saint-Ouen
0%
TIAUNSPAL Saint-Paul
0%
PLDNEIUIAHPSTRILOUPE Saint-Philippe du Roule
0%
TNIEIDASPALC Saint-Placide
0%
LSIPNCTAIESU Saint-Sulpice
0%
SIRETEN Sentier
0%
RAGESGUSRBEOGNI Serge Gainsbourg
0%
NBORSVELASEYEB Sèvres - Babylone
0%
EVESECSOLRUERB Sèvres - Lecourbe
0%
RASUDSNBAOIIRSETGTSN Strasbourg - Saint-Denis
0%
OADYLNMSLLUR Sully - Morland
0%
LEARGHTPEE Télégraphe
0%
SAITOLIHYR Thiais - Orly
0%
OEIETNNEERRSDEDTTSINVI Trinité - d'Estienne d'Orves
0%
IHTOGOCUVR Victor Hugo
0%
UOSURYSEULFIVAELSIJTGV Villejuif - Gustave Roussy
0%
RNIOELLIAUFVJAGGELLE Villejuif - Léo Lagrange
0%
IOGUIIRLLAEVLOAJFNSU Villejuif - Louis Aragon
0%
OTENRVOLSAI Volontaires
0%
Aucun quiz correspondant
Distribution des résultats
% des personnes avec chaque résultat
Percentile par nombre de réponses
Votre historique - résultats
Vous n’avez pas pris ce quiz depuis la dernière actualisation